000 01483cab a2200253 4500
001 ABS67763
008 040426n2004 000 0 eng u
035 _a(Sirsi) u125999
100 _aDobie, A.
245 _aSalaries under the spotlight
260 _c2004
490 _aRICS Business
_vApril 2004, 20-22(3)
520 _aPresents some of the key findings of "The 2004 RICS and Macdonald and Company salary and benefits survey" (J125517). It reports that the average salary of property professionals has risen by 8.2% over 2003 to £36 567 excluding bonuses and other benefits. Looks at the gender divide in terms of salary, geographical pay differentials, pay rises and bonuses. Compares surveyors' salaries and benefits with those of accountants. New questions in the 2004 survey concerned what first attracted those surveyed to the property profession, hours worked, their confidence in the economic outlook. Graphs and tables cover average salary by age, level of responsibility and geographic location and also bonuses and benefits.
590 _aABS
650 _aSURVEYORS
650 _aBONUSES
650 _aRICS SALARY AND BENEFITS SURVEYS
650 _aACCOUNTANCY
650 _aBENEFITS
650 _aPROPERTY PROFESSIONALS
690 _aMANAGEMENT-BUSINESS MANAGEMENT-PROFESSIONAL PRACTICE
856 _uhttps://www.macdonaldandcompany.com/document_uploaded/Salary%20Survey%202004.pdf
_zView survey on Macdonald and company website...
942 _n0
999 _c74378
_d74378